Statistics for WWE Superstars

Click here to take the quiz!

General Stats

  • This quiz has been taken 767 times
  • The average score is 32 of 49

Answer Stats

HintAnswer% Correct
Spear/Superman PunchRoman Reigns
90%
You can't see Me/Attitude AdjustmentJohn Cena
90%
Diva married to Daniel BryanBrie Bella
89%
The ViperRandy Orton
87%
Yes! Yes! Yes! Yes!Daniel Bryan
84%
The Architect of The ShieldSeth Rollins
83%
Celtic WarriorSheamus
83%
Devil's Favorite DemonKane
83%
World's Largest AthleteBig Show
82%
The AnimalBatista
82%
619Rey Mysterio
82%
The GameTriple H
82%
The Awesome OneThe Miz
81%
Feed Me MoreRyback
81%
The World's Strongest SlamMark Henry
79%
Diva Dating John CenaNikki Bella
79%
The Lunatic Fringe/Dirty DeedsDean Ambrose
77%
The Best in the WorldCM Punk
76%
Bulgarian BruteAlexander Rusev
76%
The PhenomUndertaker
75%
Black WidowAJ Lee
75%
The ShowoffDolph Ziggler
73%
Big EndingBig E
71%
Woo! Woo! Woo!Zack Ryder
68%
Hart Family DivaNatalya
68%
Here come's the Pain!Brock Lesnar
68%
Samoan BrothersThe Usos
67%
Patriot LockJack Swagger
66%
The Eater of Worlds/Follow The BuzzardsBray Wyatt
63%
Brahma BullThe Rock
62%
The Ravishing RussianLana
62%
#EMMAlutionEmma
61%
The King of SwingCesaro
60%
Captain CharismaChristian
57%
Mexican AristocratAlberto Del Rio
56%
"I've got some Bad News"Bad News Barrett
55%
Smoke in Mirrors/Son of Hall of FamerCody Rhodes
48%
The Bizzare OneGoldust
47%
The International Sensation/MaskSin Cara
45%
Rear ViewNaomi
45%
Perfect Son/Paul Heyman GuyCurtis Axel
45%
Anti-DivaPaige
43%
One of a KindRVD
38%
GirlBye!Cameron
38%
#AllRedEverythingEva Marie
33%
The Milan MiracleSantino Marella
32%
Bodyguard of AJ LeeTamina Snuka
31%
Lithuanian DivaAksana
27%
The Real Deal/Millions of DollarsTitus O'Neil
24%

Score Distribution

Percentile by Number Answered

Percent of People with Each Score

Your Score History

You have not taken this quiz